[Event "BCF-chT2 0304 (4NCL)"]
[Site "West Bromwich"]
[Date "2003.10.18"]
[Round "1.5"]
[White "Adams, Philip"]
[Black "Deva, Chetan"]
[Result "0-1"]
[WhiteElo "2115"]
[BlackElo "2155"]
[PlyCount "130"]
[EventDate "2003.11.17"]
[EventType "team"]
[EventRounds "11"]
[EventCountry "ENG"]
[SourceTitle "EXT 2005"]
[Source "ChessBase"]
[SourceDate "2004.11.15"]
[SourceVersion "1"]
[SourceVersionDate "2004.11.15"]
[SourceQuality "1"]
[WhiteTeam "Numerica 3CS II"]
[BlackTeam "PYO"]
[WhiteTeamCountry "ENG"]
[BlackTeamCountry "ENG"]

1. e4 c5 2. Nc3 Nc6 3. Nf3 g6 4. d4 cxd4 5. Nxd4 Bg7 6. Be3 d6 7. Qd2 Nf6 8. f3 Bd7 9. Bc4 Qa5 10. 0-0-0 0-0 11. Bb3 Rfc8 12. Kb1 Ne5 13. Bg5 Rxc3 14. Qxc3 Qxc3 15. bxc3 Rc8 16. Kb2 b5 17. Rhe1 Rc5 18. Bh4 Be8 19. a3 h6 20. Ne2 a5 21. Bf2 Rc8 22. Bd4 g5 23. Bxe5 dxe5 24. Rd2 e6 25. Red1 Bf8 26. Rd8 Rc7 27. Rb8 Be7 28. a4 b4 29. cxb4 Bxb4 30. Rdd8 Kf8 31. Rdc8 Ra7 32. Ra8 Rb7 33. c3 Bd6 34. Rxa5 Ke7 35. Kc2 Nd7 36. Raa8 Nb8 37. a5 Bb5 38. c4 Bd7 39. Rcxb8 Rxb8 40. Ra7 Kd8 41. a6 Bc5 42. Rb7 Rxb7 43. axb7 Kc7 44. Nc3 Kxb7 45. Ba4 Bc8 46. Be8 f6 47. Kb3 Kc7 48. Ka4 Kb6 49. Ne2 Be3 50. Bb5 Kc5 51. Kb3 f5 52. Kc3 Kd6 53. Kd3 Bf2 54. Nc1 Bb7 55. Nb3 h5 56. Be8 h4 57. Bg6 g4 58. fxg4 Bxe4+ 59. Ke2 Bg1 60. Kf1 Bxh2 61. gxf5 exf5 62. Nd2 Bd3+ 63. Kf2 Bg3+ 64. Kg1 Kc5 65. Nf1 Bf4 0-1

[Event "Smith & Williamson YM Rated 13th"]
[Site "Millfield"]
[Date "2003.07.14"]
[Round "5"]
[White "Deva, Chetan"]
[Black "Purton, Benjamin"]
[Result "1/2-1/2"]
[WhiteElo "2148"]
[BlackElo "2080"]
[PlyCount "36"]
[EventDate "2003.07.09"]
[EventType "swiss"]
[EventRounds "11"]
[EventCountry "ENG"]
[SourceTitle "CBM 095 Extra"]
[Source "ChessBase"]
[SourceDate "2003.09.04"]
[SourceVersion "1"]
[SourceVersionDate "2003.09.04"]
[SourceQuality "1"]

1. d4 f5 2. Nf3 Nf6 3. Bg5 Ne4 4. h4 Nxg5 5. hxg5 g6 6. Nbd2 d5 7. c4 e6 8. Qb3 c6 9. Rc1 Bg7 10. Qe3 Qe7 11. g4 fxg4 12. Ne5 Bxe5 13. Qxe5 0-0 14. Qh2 Nd7 15. f4 gxf3 16. Nxf3 e5 17. dxe5 Rf5 18. e6 Nf8 1/2-1/2

[Event "Smith & Williamson YM Rated 13th"]
[Site "Millfield"]
[Date "2003.07.12"]
[Round "3"]
[White "Deva, Chetan"]
[Black "Linford, Charles M"]
[Result "1-0"]
[WhiteElo "2148"]
[BlackElo "2207"]
[PlyCount "89"]
[EventDate "2003.07.09"]
[EventType "swiss"]
[EventRounds "11"]
[EventCountry "ENG"]
[SourceTitle "CBM 095 Extra"]
[Source "ChessBase"]
[SourceDate "2003.09.04"]
[SourceVersion "1"]
[SourceVersionDate "2003.09.04"]
[SourceQuality "1"]

1. d4 Nf6 2. c4 e6 3. Nf3 b6 4. a3 Bb7 5. Nc3 c5 6. d5 exd5 7. cxd5 d6 8. Bg5 Be7 9. e4 0-0 10. Bc4 h6 11. Bf4 Re8 12. 0-0 Ba6 13. Bxa6 Nxa6 14. Nd2 Nc7 15. a4 a6 16. Re1 b5 17. Qf3 Qd7 18. h3 Reb8 19. a5 Nce8 20. Ne2 Bd8 21. Ng3 Nh7 22. Nf5 Bg5 23. h4 Bxf4 24. Qxf4 Nf8 25. h5 Nh7 26. e5 dxe5 27. Rxe5 Nef6 28. Ra3 Kh8 29. d6 Re8 30. Rae3 Rxe5 31. Rxe5 Re8 32. Rxc5 Nxh5 33. Qd4 N5f6 34. Nf3 Kg8 35. Ne7+ Kh8 36. Rc7 Qe6 37. Ne5 Nf8 38. Ra7 Rd8 39. N7c6 Rc8 40. Nxf7+ Kg8 41. Ne7+ Kxf7 42. Nxc8+ Kg6 43. Ne7+ Kh5 44. Qd1+ Ng4 45. Qd5+ 1-0

[Event "Guernsey op 27th"]
[Site "Guernsey"]
[Date "2001.10.22"]
[Round "2"]
[White "Deva, Chetan"]
[Black "Dennis, Nigel W"]
[Result "1-0"]
[WhiteElo "2075"]
[BlackElo "2070"]
[PlyCount "63"]
[EventDate "2001.10.21"]
[EventType "swiss"]
[EventRounds "7"]
[EventCountry "GCI"]
[SourceTitle "EXT 2002"]
[Source "ChessBase"]
[SourceDate "2001.11.25"]
[SourceVersion "1"]
[SourceVersionDate "2001.11.25"]
[SourceQuality "1"]

1. d4 Nf6 2. Bg5 e6 3. e4 Be7 4. Bd3 c5 5. c3 cxd4 6. cxd4 Qa5+ 7. Bd2 Qb6 8. Ne2 Nc6 9. Nbc3 Nxd4 10. Na4 Qd6 11. e5 Qxe5 12. Bc3 Qd5 13. Bxd4 Qxg2 14. Rg1 Qxh2 15. Rxg7 Kf8 16. Rg1 e5 17. Be3 d5 18. Qd2 Ng4 19. 0-0-0 Nxe3 20. fxe3 Qh4 21. Nac3 d4 22. exd4 exd4 23. Nd5 Be6 24. Nxe7 Qxe7 25. Qh6+ Ke8 26. Bb5+ Bd7 27. Bxd7+ Qxd7 28. Nxd4 f5 29. Qf6 Qc7+ 30. Kb1 Rf8 31. Rge1+ Kd7 32. Re7+ 1-0

[Event "Smith & Williamson YM-B 11th"]
[Site "Witley"]
[Date "2001.07.21"]
[Round "11.1"]
[White "Woodward, Timothy"]
[Black "Deva, Chetan"]
[Result "1/2-1/2"]
[WhiteElo "2096"]
[BlackElo "2128"]
[PlyCount "23"]
[EventDate "2001.07.13"]
[EventType "swiss"]
[EventRounds "11"]
[EventCountry "ENG"]
[SourceTitle "EXT 2005"]
[Source "ChessBase"]
[SourceDate "2004.11.15"]
[SourceVersion "1"]
[SourceVersionDate "2004.11.15"]
[SourceQuality "1"]

1. Nf3 g6 2. c4 Bg7 3. Nc3 d6 4. d4 Nf6 5. e4 0-0 6. Be2 e5 7. 0-0 Nc6 8. d5 Ne7 9. Ne1 Ne8 10. Be3 f5 11. f3 Nf6 12. c5 1/2-1/2

[Event "Smith & Williamson YM-B 11th"]
[Site "Witley"]
[Date "2001.07.20"]
[Round "9"]
[White "Deva, Chetan"]
[Black "Martyn, Rafe"]
[Result "1/2-1/2"]
[WhiteElo "2128"]
[BlackElo "2126"]
[PlyCount "36"]
[EventDate "2001.07.13"]
[EventType "swiss"]
[EventRounds "11"]
[EventCountry "ENG"]
[SourceTitle "EXT 2005"]
[Source "ChessBase"]
[SourceDate "2004.11.15"]
[SourceVersion "1"]
[SourceVersionDate "2004.11.15"]
[SourceQuality "1"]

1. c4 e5 2. Nc3 Nf6 3. g3 c6 4. Nf3 e4 5. Nd4 Bc5 6. Nc2 Qb6 7. e3 d5 8. b4 Be7 9. c5 Qc7 10. d3 exd3 11. Bxd3 a5 12. a3 axb4 13. axb4 Rxa1 14. Nxa1 Bg4 15. Qc2 Bf3 16. 0-0 Nbd7 17. Nb3 Ne5 18. Be2 Qd7 1/2-1/2

[Event "Smith & Williamson YM-B 11th"]
[Site "Witley"]
[Date "2001.07.17"]
[Round "3"]
[White "Winkworth, Julian"]
[Black "Deva, Chetan"]
[Result "1/2-1/2"]
[WhiteElo "1904"]
[BlackElo "2128"]
[PlyCount "94"]
[EventDate "2001.07.13"]
[EventType "swiss"]
[EventRounds "11"]
[EventCountry "ENG"]
[SourceTitle "EXT 2005"]
[Source "ChessBase"]
[SourceDate "2004.11.15"]
[SourceVersion "1"]
[SourceVersionDate "2004.11.15"]
[SourceQuality "1"]

1. e4 c5 2. Nf3 Nc6 3. Bd3 g6 4. c3 d5 5. 0-0 Bg7 6. Bc2 dxe4 7. Bxe4 Qc7 8. d4 Nf6 9. Bxc6+ Qxc6 10. dxc5 Qxc5 11. Be3 Qc7 12. h3 0-0 13. Na3 a6 14. Qe2 b5 15. Rad1 Bb7 16. c4 bxc4 17. Qxc4 Qxc4 18. Nxc4 Rac8 19. b3 Nd5 20. Bd4 Nf4 21. Bxg7 Kxg7 22. Kh2 Rfd8 23. Rfe1 Kf8 24. Rxd8+ Rxd8 25. Kg3 Nh5+ 26. Kh2 f6 27. Re6 Rd3 28. Re3 Rd1 29. Re2 Nf4 30. Rd2 Ra1 31. Nb6 g5 32. Nd7+ Kf7 33. Nc5 Bc8 34. Nd4 h5 35. Ne2 Ng6 36. Nc3 a5 37. Nd5 Ne5 38. Nb6 Bf5 39. Nb7 Nc6 40. Nc4 a4 41. bxa4 Be6 42. Nca5 Nxa5 43. Nd8+ Ke8 44. Nxe6 Nc4 45. Rc2 Na3 46. Rd2 Nc4 47. Rc2 Na3 1/2-1/2

[Event "Reading op 4th"]
[Site "Reading"]
[Date "2001.06.02"]
[Round "1"]
[White "Cooper, Lawrence"]
[Black "Deva, Chetan"]
[Result "1-0"]
[WhiteElo "2341"]
[BlackElo "2098"]
[PlyCount "107"]
[EventDate "2001.06.02"]
[EventType "swiss"]
[EventRounds "5"]
[EventCountry "ENG"]
[SourceTitle "EXT 2002"]
[Source "ChessBase"]
[SourceDate "2001.11.25"]
[SourceVersion "1"]
[SourceVersionDate "2001.11.25"]
[SourceQuality "1"]

1. e4 c5 2. Nf3 Nc6 3. d4 cxd4 4. Nxd4 Qb6 5. Nb3 e6 6. Be3 Qc7 7. c4 Nf6 8. f3 b6 9. Nc3 Bb4 10. Rc1 0-0 11. a3 Be7 12. Be2 Bb7 13. 0-0 Rac8 14. Nd5 exd5 15. cxd5 Qb8 16. dxc6 dxc6 17. Qe1 c5 18. Nd2 Rfe8 19. Bb5 Red8 20. Qe2 Bd6 21. g3 a6 22. Bxa6 Bxa6 23. Qxa6 Bxg3 24. Qe2 Bf4 25. a4 Nh5 26. Nc4 Bxe3+ 27. Qxe3 Rd4 28. f4 Rcd8 29. Qf3 Nf6 30. e5 Nd5 31. f5 b5 32. axb5 Qxb5 33. b3 Nf4 34. Kh1 Qb4 35. e6 Nd3 36. Qc6 Qb8 37. exf7+ Kxf7 38. Qe6+ Kf8 39. f6 Qb7+ 40. Kg1 g6 41. Ra1 Re8 42. Qh3 Nf4 43. Rxf4 Rxf4 44. Qh6+ Kg8 45. Qxf4 Re2 46. f7+ Qxf7 47. Qxf7+ Kxf7 48. Ra7+ Kg8 49. Rc7 Re1+ 50. Kf2 Rb1 51. Nd2 Rh1 52. Kg2 Rd1 53. Ne4 Rb1 54. Nxc5 1-0

[Event "London MSO Banwell Memorial"]
[Site "London"]
[Date "2000.08.26"]
[Round "7"]
[White "Deva, Chetan"]
[Black "Hebbes, Tim"]
[Result "1/2-1/2"]
[WhiteElo "2114"]
[BlackElo "2121"]
[PlyCount "94"]
[EventDate "2000.08.20"]
[EventType "swiss"]
[EventRounds "9"]
[EventCountry "ENG"]
[SourceTitle "EXT 2001"]
[Source "ChessBase"]
[SourceDate "2000.11.22"]
[SourceVersion "1"]
[SourceVersionDate "2000.11.22"]
[SourceQuality "1"]

1. e4 e6 2. d4 d5 3. Nc3 dxe4 4. Nxe4 Be7 5. Nf3 Nf6 6. Bd3 Nbd7 7. 0-0 0-0 8. Qe2 b6 9. Re1 Bb7 10. Neg5 Bxf3 11. Nxf3 h6 12. Ne5 Qe8 13. Qf3 c5 14. Be3 Rc8 15. Nxd7 Qxd7 16. dxc5 Bxc5 17. Bxh6 Qd4 18. Bf4 Qxb2 19. Be5 Bd4 20. Rab1 Qc3 21. Bd6 Rfd8 22. Be7 Rd7 23. Bb4 Qc6 24. Qg3 Qd5 25. a4 a5 26. Bd2 Qa2 27. Be3 Rd5 28. Bxd4 Rxd4 29. Ra1 Qb2 30. Qe5 Qc3 31. h3 Nd7 32. Qh5 Nf8 33. Red1 Rc5 34. Qf3 Rb4 35. Qe3 Qf6 36. Re1 Nd7 37. Qg3 g6 38. Bb5 Rg5 39. Qe3 Nc5 40. Rad1 Rf4 41. Re2 Kg7 42. Rd6 Nxa4 43. Bxa4 Rxa4 44. Rxb6 Rc4 45. Rb3 Rgc5 46. Ra3 a4 47. Rxa4 Rxc2 1/2-1/2

[Event "London MSO Banwell Memorial"]
[Site "London"]
[Date "2000.08.20"]
[Round "1"]
[White "Crouch, Colin S"]
[Black "Deva, Chetan"]
[Result "1-0"]
[WhiteElo "2448"]
[BlackElo "2114"]
[PlyCount "103"]
[EventDate "2000.08.20"]
[EventType "swiss"]
[EventRounds "9"]
[EventCountry "ENG"]
[SourceTitle "EXT 2001"]
[Source "ChessBase"]
[SourceDate "2000.11.22"]
[SourceVersion "1"]
[SourceVersionDate "2000.11.22"]
[SourceQuality "1"]

1. d4 Nf6 2. c4 g6 3. Nc3 Bg7 4. e4 d6 5. Nf3 0-0 6. Be2 e5 7. 0-0 Nc6 8. d5 Ne7 9. b4 Ne8 10. c5 f5 11. Ng5 fxe4 12. Ngxe4 h6 13. a4 Nf5 14. a5 Nd4 15. Bc4 Bf5 16. Ra2 Qh4 17. f3 Kh7 18. Qe1 Qxe1 19. Rxe1 g5 20. Ne2 g4 21. Nxd4 exd4 22. fxg4 Bxg4 23. Nf2 Bf5 24. Rd2 b6 25. c6 bxa5 26. b5 Nf6 27. Rxd4 Nd7 28. Rf4 Ne5 29. Rxe5 Bxe5 30. Rxf5 Bd4 31. Bd3 Kg7 32. g4 Rae8 33. Kf1 a4 34. Ne4 Rxf5+ 35. gxf5 Re5 36. f6+ Kf7 37. Nxd6+ Kxf6 38. Ne4+ Ke7 39. Ba3+ Kd8 40. d6 Re6 41. d7 a6 42. Nc5 Bxc5 43. Bxc5 axb5 44. Bxb5 Re5 45. Bd4 Rf5+ 46. Ke2 a3 47. Bd3 Rf7 48. Bc4 Rf5 49. Ke3 h5 50. Ke4 Rf8 51. Be3 Ke7 52. Bc5+ 1-0

[Event "Smith & Williamson YM-B 10th"]
[Site "Witley"]
[Date "2000.07.22"]
[Round "11"]
[White "Nixon, Thomas CM"]
[Black "Deva, Chetan"]
[Result "0-1"]
[WhiteElo "2112"]
[BlackElo "2114"]
[PlyCount "80"]
[EventDate "2000.07.17"]
[EventType "swiss"]
[EventRounds "11"]
[EventCountry "ENG"]
[SourceTitle "EXT 2001"]
[Source "ChessBase"]
[SourceDate "2000.11.22"]
[SourceVersion "1"]
[SourceVersionDate "2000.11.22"]
[SourceQuality "1"]

1. d4 Nf6 2. c4 g6 3. Nc3 Bg7 4. e4 d6 5. f3 0-0 6. Be3 e5 7. Nge2 c6 8. Qd2 a6 9. Ng3 Nbd7 10. Be2 b5 11. 0-0 exd4 12. Bxd4 Ne5 13. cxb5 axb5 14. Rfd1 Be6 15. f4 Nc4 16. Bxc4 Bxc4 17. b3 Be6 18. f5 Bc8 19. Rac1 Qa5 20. Qg5 h6 21. Qf4 Ne8 22. Bxg7 Kxg7 23. Rf1 g5 24. f6+ Kh7 25. Qf3 b4 26. Na4 Qe5 27. Kh1 Ba6 28. Rf2 Bb5 29. Nb6 Ra7 30. Qe3 Rb7 31. Rf5 Qb2 32. Rf2 Qe5 33. Nh5 d5 34. Qc5 Qd6 35. Qd4 c5 36. Qxd5 Rxb6 37. Qf5+ Kh8 38. Qf3 Qe5 39. Rd1 Rd6 40. Rxd6 Nxd6 0-1

[Event "Smith & Williamson YM-B 10th"]
[Site "Witley"]
[Date "2000.07.18"]
[Round "3"]
[White "Moen, Andreas"]
[Black "Deva, Chetan"]
[Result "1-0"]
[WhiteElo "2168"]
[BlackElo "2114"]
[PlyCount "67"]
[EventDate "2000.07.17"]
[EventType "swiss"]
[EventRounds "11"]
[EventCountry "ENG"]
[SourceTitle "EXT 2001"]
[Source "ChessBase"]
[SourceDate "2000.11.22"]
[SourceVersion "1"]
[SourceVersionDate "2000.11.22"]
[SourceQuality "1"]

1. d4 Nf6 2. c4 g6 3. g3 Bg7 4. Bg2 0-0 5. Nc3 d6 6. Nf3 Nbd7 7. 0-0 c6 8. e4 e5 9. h3 Qc7 10. Be3 Re8 11. Qc2 Nf8 12. Rfd1 b5 13. dxe5 dxe5 14. Bc5 bxc4 15. Bd6 Qa5 16. Nxe5 Qa6 17. Nxc6 Bb7 18. Nb4 Qb6 19. e5 N6d7 20. Nbd5 Qa5 21. Ne7+ Rxe7 22. Bxb7 Rae8 23. Rd5 Qd8 24. Bxe7 Qxe7 25. Bc6 Qe6 26. Bxd7 Nxd7 27. f4 Nb6 28. Rd6 Qxh3 29. Qg2 Qf5 30. Rad1 h5 31. Rd8 Rxd8 32. Rxd8+ Bf8 33. Ne4 Nd7 34. Rxd7 1-0

[Event "Smith & Williamson YM-B 10th"]
[Site "Witley"]
[Date "2000.07.17"]
[Round "1"]
[White "Bekker Jensen, Anne"]
[Black "Deva, Chetan"]
[Result "0-1"]
[WhiteElo "2040"]
[BlackElo "2114"]
[PlyCount "56"]
[EventDate "2000.07.17"]
[EventType "swiss"]
[EventRounds "11"]
[EventCountry "ENG"]
[SourceTitle "EXT 2001"]
[Source "ChessBase"]
[SourceDate "2000.11.22"]
[SourceVersion "1"]
[SourceVersionDate "2000.11.22"]
[SourceQuality "1"]

1. d4 Nf6 2. c4 g6 3. Nc3 Bg7 4. e4 d6 5. Be2 0-0 6. Bg5 h6 7. Be3 e5 8. d5 c6 9. f3 Nh5 10. Qd2 Qh4+ 11. Bf2 Qe7 12. Be3 Qh4+ 13. Bf2 Qf6 14. g3 Nd7 15. dxc6 bxc6 16. 0-0-0 Nb6 17. Qxd6 Be6 18. Bxb6 axb6 19. Qxc6 Qg5+ 20. Kb1 Qe3 21. Nd5 Qf2 22. Bf1 Bxd5 23. Qxd5 Rfd8 24. Qxd8+ Rxd8 25. Rxd8+ Kh7 26. Bh3 Nf6 27. g4 Nxe4 28. Rd1 Nd2+ 0-1

[Event "BCF-chT2 9900 (4NCL)"]
[Site "Birmingham"]
[Date "2000.01.23"]
[Round "6.4"]
[White "Deva, Chetan"]
[Black "Bibby, Simon"]
[Result "1/2-1/2"]
[WhiteElo "2098"]
[BlackElo "2210"]
[PlyCount "50"]
[EventDate "1999.10.??"]
[EventType "team"]
[EventRounds "11"]
[EventCountry "ENG"]
[SourceTitle "EXT 2001"]
[Source "ChessBase"]
[SourceDate "2000.11.22"]
[SourceVersion "1"]
[SourceVersionDate "2000.11.22"]
[SourceQuality "1"]
[WhiteTeam "South County Stars"]
[BlackTeam "Bristol II"]
[WhiteTeamCountry "ENG"]
[BlackTeamCountry "ENG"]

1. c4 e5 2. Nc3 Bb4 3. g3 Nf6 4. Bg2 0-0 5. e3 Bxc3 6. bxc3 Nc6 7. Ne2 e4 8. Qc2 Re8 9. 0-0 d6 10. f3 exf3 11. Bxf3 Bh3 12. Bg2 Bxg2 13. Kxg2 d5 14. c5 Qe7 15. Ba3 Ne5 16. Nd4 Nc4 17. Bc1 Qxc5 18. Nf5 g6 19. d3 gxf5 20. dxc4 Qxc4 21. Rxf5 Qc6 22. Kg1 Ne4 23. Bb2 Qh6 24. Qe2 Rad8 25. Raf1 Rd7 1/2-1/2

[Event "Hastings Challengers"]
[Site "Hastings"]
[Date "2000.01.04"]
[Round "7"]
[White "Deva, Chetan"]
[Black "Snape, Ian L"]
[Result "1-0"]
[WhiteElo "2127"]
[BlackElo "2200"]
[PlyCount "89"]
[EventDate "1999.12.29"]
[EventType "swiss"]
[EventRounds "9"]
[EventCountry "ENG"]
[SourceTitle "CBM 074 Extra"]
[Source "ChessBase"]
[SourceDate "2000.03.10"]
[SourceVersion "2"]
[SourceVersionDate "2000.03.10"]
[SourceQuality "1"]

1. d4 Nf6 2. c4 c5 3. e3 e6 4. Nf3 b6 5. Be2 Bb7 6. 0-0 Be7 7. b3 0-0 8. Nbd2 Na6 9. Bb2 Qc7 10. a3 Rfd8 11. Bd3 Rac8 12. Qe2 Nb8 13. e4 cxd4 14. Nxd4 Nc6 15. Nb5 Qf4 16. e5 Ng4 17. Nf3 Ncxe5 18. Bxe5 Nxe5 19. Qxe5 Qxe5 20. Nxe5 a6 21. Nd4 Bf6 22. Rae1 d5 23. Ndf3 dxc4 24. Bxc4 b5 25. Be2 Rc3 26. a4 bxa4 27. bxa4 Ra3 28. Bd1 h6 29. h3 Bd5 30. Re3 Ra2 31. Rd3 Rb8 32. Nd7 Bc4 33. Rd2 Rxd2 34. Nxd2 Bxf1 35. Nxb8 Bd3 36. Nd7 Bd4 37. Nb3 Bc3 38. Nbc5 Bc4 39. Nb6 Bd4 40. Nxc4 Bxc5 41. Ne5 f6 42. Nc6 Kf8 43. Be2 a5 44. Nxa5 Ke7 45. Bb5 1-0

[Event "London MSO Banwell Memorial"]
[Site "London"]
[Date "2000.??.??"]
[Round "4"]
[White "Deva, Chetan"]
[Black "Gilbert, Jessie"]
[Result "1/2-1/2"]
[WhiteElo "2114"]
[BlackElo "2097"]
[PlyCount "85"]
[EventDate "2000.08.20"]
[EventType "swiss"]
[EventRounds "9"]
[EventCountry "ENG"]
[SourceTitle "EXT 2001"]
[Source "ChessBase"]
[SourceDate "2000.11.22"]
[SourceVersion "1"]
[SourceVersionDate "2000.11.22"]
[SourceQuality "1"]

1. e4 c6 2. d4 d5 3. Nc3 dxe4 4. Nxe4 Nf6 5. Ng5 h6 6. N5f3 Bf5 7. Bc4 e6 8. Ne5 Nbd7 9. Ngf3 Nxe5 10. Nxe5 Bd6 11. Qe2 Qc7 12. 0-0 0-0 13. Bf4 Nd5 14. Bg3 Rae8 15. c3 Nb6 16. Bb3 c5 17. Rfd1 Rd8 18. a4 Nd7 19. Bh4 g5 20. Bg3 cxd4 21. cxd4 Nxe5 22. dxe5 Bc5 23. h4 Kg7 24. Bc4 Rxd1+ 25. Rxd1 Rd8 26. Rc1 Qe7 27. Bb3 Rd3 28. Rc3 Rxc3 29. bxc3 Qd7 30. hxg5 hxg5 31. Bc2 Bxc2 32. Qxc2 Qd5 33. Kh2 Bb6 34. Qe2 Kg6 35. Qg4 Qd3 36. c4 Qf5 37. Qe2 Bd4 38. a5 b6 39. a6 Kh6 40. Qd2 Qg4 41. Qd3 Kg7 42. Kg1 Bc5 43. Kh2 1/2-1/2

[Event "Hastings Challengers"]
[Site "Hastings"]
[Date "1999.12.30"]
[Round "2"]
[White "Hansen, Torbjorn Ringdal"]
[Black "Deva, Chetan"]
[Result "1-0"]
[WhiteElo "2259"]
[BlackElo "2127"]
[PlyCount "57"]
[EventDate "1999.12.29"]
[EventType "swiss"]
[EventRounds "9"]
[EventCountry "ENG"]
[SourceTitle "CBM 074 Extra"]
[Source "ChessBase"]
[SourceDate "2000.03.10"]
[SourceVersion "2"]
[SourceVersionDate "2000.03.10"]
[SourceQuality "1"]

1. c4 Nf6 2. Nc3 g6 3. g3 Bg7 4. Bg2 d6 5. e4 e5 6. Nge2 0-0 7. 0-0 c6 8. d3 Nbd7 9. h3 Ne8 10. Be3 f5 11. exf5 Rxf5 12. d4 Rf8 13. f4 exd4 14. Nxd4 Nc5 15. Nxc6 bxc6 16. Bxc5 Be6 17. Bd4 Qd7 18. Kh2 Bxc4 19. Re1 Nf6 20. Qa4 d5 21. Rad1 Qc8 22. b3 Ba6 23. Re7 Bb7 24. Bxf6 Bxf6 25. Nxd5 cxd5 26. Rxb7 Qxb7 27. Bxd5+ Qxd5 28. Rxd5 Rac8 29. h4 1-0

[Event "Reading op 2nd"]
[Site "Reading"]
[Date "1999.05.06"]
[Round "4"]
[White "Deva, Chetan"]
[Black "Noyce, Robert"]
[Result "1/2-1/2"]
[WhiteElo "1736"]
[BlackElo "2180"]
[PlyCount "56"]
[EventDate "1999.06.05"]
[EventType "swiss"]
[EventRounds "5"]
[EventCountry "ENG"]
[SourceTitle "EXT 2004"]
[Source "ChessBase"]
[SourceDate "2003.11.25"]
[SourceVersion "1"]
[SourceVersionDate "2003.11.25"]
[SourceQuality "1"]

1. c4 e6 2. Nf3 Nf6 3. Nc3 d5 4. d4 Be7 5. Bf4 0-0 6. e3 b6 7. Bd3 Bb7 8. cxd5 exd5 9. 0-0 c5 10. Rc1 a6 11. a4 Nc6 12. Ne5 cxd4 13. Nxc6 Bxc6 14. exd4 Qd7 15. Qc2 g6 16. Rfe1 Rfe8 17. h3 Qb7 18. Qb3 Rac8 19. Rcd1 Nh5 20. Be5 Ng7 21. Re2 Ne6 22. Rde1 f6 23. Bxf6 Bxf6 24. Rxe6 Rxe6 25. Rxe6 Bxd4 26. Bxa6 Qf7 27. Re2 Rf8 28. Qc2 Bc5 1/2-1/2